joueurs de tennis actuels ayant deja été dans le top 10 - Statistiques

Statistiques générales
  • Ce quiz a été pris 3 420 fois
    3 272 depuis la dernière actualisation
  • Le résultat moyen est 25 sur 37
Statistiques - réponses
high nationalité joueurs % Correct
1 Serbie Djokovic
99%
1 Espagne Nadal
99%
1 Suisse Federer
98%
2 Russie Medvedev
94%
3 Grece Tsitsipas
94%
1 Royaume uni Murray
93%
3 Allemagne Zverev
93%
6 France Monfils
91%
5 France Tsonga
87%
3 Suisse Wawrinka
86%
3 Bulgarie Dimitrov
82%
3 Autriche Thiem
82%
7 France Gasquet
80%
5 Russie Rublev
78%
4 Japon Nishikori
77%
3 Croatie Cilic
75%
7 Belgique Goffin
73%
8 Norvège Ruud
72%
3 Argentine Del Potro
70%
9 Italie Sinner
69%
6 France Simon
67%
7 Italie Berrettini
64%
9 Canada Auger-Aliassime
61%
10 Canada Shapovalov
58%
3 Canada Raonic
56%
5 Afrique du Sud Anderson
55%
8 USA Isner
55%
9 Italie Fognini
51%
9 Pologne Hurkacz
51%
8 Argentine Schwartzman
51%
10 France Pouille
44%
10 Espagne Carreno Busta
43%
9 Espagne Bautista Agut
38%
8 Russie Khachanov
37%
10 Lettonie Gulbis
32%
8 USA Sock
20%
7 Espagne Verdasco
18%
Aucun quiz correspondant
Distribution des résultats
% des personnes avec chaque résultat
Percentile par nombre de réponses
Votre historique - résultats
Vous n’avez pas pris ce quiz depuis la dernière actualisation